Score 0/28 Timer 02:00
1 Play Today
Book Missing Word % Correct
Of Mice and ____Men
99.1%
____ Flew Over the Cuckoo's NestOne
96.6%
____ WomenLittle
95.8%
Interview with the ____Vampire
95.4%
____-22Catch
94.4%
Treasure ____Island
94.2%
To ____ a MockingbirdKill
93.3%
Their ____ Were Watching GodEyes
92.3%
The ____ GatsbyGreat
91%
Anne of ____ GablesGreen
90.9%
The Girl with the ____ TattooDragon
90.6%
20,000 Leagues Under the ____Sea
87.2%
Mansfield ____Park
86.8%
The ____ According to GarpWorld
86.5%
Book Missing Word % Correct
The ____ Traveler's WifeTime
85.9%
In Cold ____Blood
85.8%
The Kite ____Runner
84.7%
____ of a Young GirlDiary
83.5%
____ the Tuscan SunUnder
80.6%
The Once and ____ KingFuture
78.2%
____ of a SalesmanDeath
78%
____ New WorldBrave
63%
A Death in the ____Family
50.6%
The Little ____Prince
46.4%
Breaking ____Dawn
45.7%
Kitchen ____Confidential
45.5%
The ____ ChairSilver
24.9%
On The ____Road
14.5%

Today's Daily Dose

Missing Word
3 Word TV Shows

Word Ladder
Olsen Twins

Quick Pick
TLC Shows

You're not logged in!

Compare scores with friends on all Sporcle quizzes.
OR
Log In

Sporcle TV

Today on Sporcle TV


Watch our educational content, quiz creation guides, and fun videos on Sporcle TV.

Show Comments

Extras

Top Quizzes Today


Score Distribution

Paid Content

Your Account Isn't Verified!

In order to create a playlist on Sporcle, you need to verify the email address you used during registration. Go to your Sporcle Settings to finish the process.

Report this User

Report this user for behavior that violates our Community Guidelines.

Details: